Design of Bridge Structures / (Record no. 616700)

000 -LEADER
fixed length control field 00366nam a22001457a 4500
020 ## - INTERNATIONAL STANDARD BOOK NUMBER
Qualifying information PB.
040 ## - CATALOGING SOURCE
Transcribing agency FIZZA ISHAQ
082 ## - DEWEY DECIMAL CLASSIFICATION NUMBER
Classification number 624.2029
Author Mark JAG
100 ## - MAIN ENTRY--PERSONAL NAME
Personal name Jagadeesh, T.R.
9 (RLIN) 26121
245 ## - TITLE STATEMENT
Title Design of Bridge Structures /
Statement of responsibility, etc. T.R. Jagadeesh.
250 ## - EDITION STATEMENT
Edition statement 2ND ED.
260 ## - PUBLICATION, DISTRIBUTION, ETC.
Place of publication, distribution, etc. New Delhi :
Name of publisher, distributor, etc. PHI,
Date of publication, distribution, etc. 2009.
300 ## - PHYSICAL DESCRIPTION
Extent 342p. : ill. ;
Dimensions 23cm
942 ## - ADDED ENTRY ELEMENTS (KOHA)
Source of classification or shelving scheme
Koha item type Book
Holdings
Withdrawn status Lost status Source of classification or shelving scheme Damaged status Not for loan Permanent Location Current Location Date acquired Total Checkouts Full call number Barcode Date last seen Price effective from Koha item type
          NUST Baluchistan Campus (NBC) NUST Baluchistan Campus (NBC) 03/17/2026   624.2029 JAG Q-2117 03/17/2026 03/17/2026 Book
© 2023 Central Library, National University of Sciences and Technology. All Rights Reserved.